| 000 | 00773nam a2200241 a 4500 | ||
|---|---|---|---|
| 001 | 1267 | ||
| 003 | CDMR | ||
| 005 | 20131211104638.0 | ||
| 008 | 130130s1988||||||||||||||||||||||||||||d | ||
| 020 | _a8486094356 | ||
| 040 |
_aCDMR _bcat _cCDMR |
||
| 100 | 1 |
_aGiordano, Eduardo _9988 |
|
| 245 | 1 | 0 |
_aEuropa en el juego de la comunicación global _b: monopolios y control de la información _cEduardo Giordano, Carlos Zeller |
| 260 |
_aMadrid _c1988 _bFundesco |
||
| 300 | _a254 p. | ||
| 490 |
_aLos Libros de Fundesco. _aImpactos |
||
| 650 | 0 | 4 |
_93156 _aSocietat de la informació |
| 650 | 0 | 4 |
_93350 _aGlobalització |
| 650 | 0 | 4 |
_94123 _aConcentració industrial |
| 650 | 0 | 4 |
_94408 _aEuropa _xPolítica de la comunicació |
| 700 | 1 |
_93363 _aZeller, Carlos |
|
| 942 |
_cMON _2udc |
||
| 999 |
_c1267 _d1267 |
||